All Harry Styles Songs Over 1 Billion Streams - Statistics

General Stats
  • This quiz has been taken 27 times
  • The average score is 5 of 6
Answer Stats
Hint Song % Correct
3.93 As It Was
100%
3.03 Watermelon Sugar
100%
1.82 Sign of the Times
89%
1.88 Adore you
83%
1.40 Falling
56%
1.09 Late Night Talking
56%
No matching quizzes found
Score Distribution
Percent of People with Each Score
Percentile by Number Answered
Your Score History
You have not taken this quiz